000 00424nam a2200169Ia 4500
008 230711s9999||||xx |||||||||||||| ||und||
020 _a978-93-272-3324-7
041 _aENG
082 _a658.3124
_bRA-T
100 _aRaj,Aparna
245 0 _aTraining and Development
250 _a1st Ed.
260 _c2014
_aNew Delhi
_bKalyani Publishers House
300 _a286p.
650 _aUNIVESITY BUSNIESS SCHOOL
942 _cBK
999 _c6794
_d6794